[Event "5th Vardaris Open 2019"]
[Site "Thessaloniki"]
[Date "2019.03.10"]
[Round "5.1"]
[White "Vallejo Pons, Francisco"]
[Black "Spyropoulos, Nikolaos"]
[Result "1-0"]
[WhiteElo "2698"]
[BlackElo "2385"]
[Annotator "TA"]
[PlyCount "116"]
[EventDate "2019.02.27"]
[EventType "swiss"]
[EventCountry "GRE"]
[SourceTitle "playchess.com"]
[Source "ChessBase"]
[SourceQuality "1"]

{[%evp 18,116,18,0,33,37,37,34,51,0,1,0,0,12,14,0,0,-20,11,0,23,17,25,11,31,36,29,31,32,0,0,16,34,16,77,66,63,50,53,53,111,108,99,102,118,118,166,52,51,36,264,270,303,246,387,258,318,196,179,189,191,165,370,343,360,260,345,343,346,347,380,253,222,235,242,8,8,8,8,8,8,8,885,808,12789,12788,7223,6213,2291,2219,12789,12789,12789,12789,11314,7223,7223,7223,6924,6883,5065]} 1. e4 e6 2. d4 d5 3. Nc3 Nf6 4. e5 Nfd7 5. f4 c5 6. Nf3 Nc6 7. Be3 cxd4 8. Nxd4 Bc5 9. Qd2 O-O 10. O-O-O Bxd4 {C11: French: Classical System: 4 e5 and 4 Bg5 dxe4} (10... a6 11. Qf2 Qe7 12. Bd3 f6 13. exf6 Nxf6 14. h3 Bb4 15. Qh4 Bxc3 16. bxc3 Qa3+ 17. Kd2 Bd7 18. Nxc6 Bxc6 {1-0 (50) Anand,V (2782)-Bacrot,E (2725) Riadh 2017}) 11. Bxd4 Qa5 12. Kb1 Rb8 {White is slightly better.} 13. Bf2 b5 14. Ne2 b4 $1 15. Nc1 $146 ({Predecessor:} 15. Nd4 Nxd4 16. Qxd4 Ba6 17. Bxa6 Qxa6 18. Qxa7 {0-1 (39) Koutoukidis,P (2375)-Spyropoulos,N (2367) Anogia 2018}) 15... Qc7 16. Bd3 a5 17. Qe2 Ne7 18. Qh5 {[%csl Gd3][%cal Rh5h7]} f5 19. g4 a4 20. Ne2 $36 {[%mdl 2048] Black is under pressure.} a3 21. Rhg1 Nc5 $1 22. Bxc5 Qxc5 23. Rg3 Rf7 24. gxf5 exf5 25. b3 Bd7 (25... Be6 $11) 26. Rh3 $16 g6 27. Qf3 Nc6 28. Qe3 d4 (28... Qxe3 $14 29. Rxe3 Rg7) 29. Qg1 Be6 30. Rg3 {Black must now prevent Rxg6+!} Rg7 31. h4 $1 Rbb7 32. Ba6 (32. Kc1 $18) 32... Rbc7 $14 33. Rd2 Nb8 $2 ({Black should play} 33... Kh8 $1 $14) 34. Nxd4 $18 Bd5 35. Bb5 Rb7 (35... Nd7 {was necessary.} 36. Be2 Nb6) 36. Bf1 Rbd7 37. Nxf5 Qxg1 38. Nh6+ {[%mdl 64] Zwischenzug} Kf8 39. Rxg1 Bxb3 $2 (39... Be6 {was worth a try.} 40. Kc1 Nc6) 40. Rxd7 Rxd7 {[%cal Rd7d1]} 41. Bb5 ({Don't do} 41. cxb3 Rd1+ 42. Kc2 Ra1 $18) 41... Rd5 42. Bd3 ({Less strong is} 42. cxb3 Rxb5 43. h5 Rb6 $16) 42... Ba4 {[#]} 43. h5 $1 {[%mdl 512]} Nd7 (43... gxh5 44. Rg8+) 44. hxg6 hxg6 45. Rxg6 Nc5 {[#]} 46. Rd6 $2 (46. Rg8+ $1 $18 Ke7 47. Nf5+ Kd7 48. Ne3) 46... Rxd6 $11 47. exd6 Nxd3 48. cxd3 {[%mdl 4096] Endgame Hoping for Ng4. KB-KN} Ke8 49. f5 Kd7 $2 {[%mdl 8192] [#]} (49... Bb5 $11) 50. Nf7 $1 $18 {[%cal Rf7e5] White is clearly winning.} Bb5 51. Kc1 Ba4 52. d4 b3 53. Kb1 b2 54. Ne5+ Kxd6 55. Nc4+ {[%mdl 64] Double Attack} Ke7 56. Nxa3 Bd7 57. Kxb2 Bxf5 58. Kc3 Kd6 {Accuracy: White = 67%, Black = 37%.} 1-0

[Event "5th Vardaris Open 2019"]
[Site "Thessaloniki"]
[Date "2019.03.10"]
[Round "5.2"]
[White "Rahmanidis, Petros"]
[Black "Halkias, Stelios"]
[Result "1/2-1/2"]
[WhiteElo "2112"]
[BlackElo "2552"]
[Annotator "TA"]
[PlyCount "80"]
[EventDate "2019.02.27"]
[EventType "swiss"]
[EventCountry "GRE"]
[SourceTitle "playchess.com"]
[Source "ChessBase"]
[SourceQuality "1"]

{[%evp 10,80,35,32,40,40,40,35,39,40,54,40,52,41,51,14,17,20,23,14,18,-35,8,0,26,0,1,-8,-11,-54,-49,-82,-3,0,0,0,0,0,0,-10,0,0,37,0,0,0,37,53,31,20,166,29,52,77,164,160,122,23,16,10,29,34,38,40,60,57,104,54,82,80,83,83,91]} 1. e4 e5 2. Nf3 Nc6 3. Bc4 Nf6 4. d3 h6 5. O-O d6 6. a4 g6 {C55: Two Knights: 4 d3, 4 d4 exd4 5 e5 and Max Lange Attack} (6... g5 7. Nc3 Bg7 8. a5 a6 9. Nd5 O-O 10. Ne3 Ne7 11. h4 g4 12. Nh2 h5 13. g3 c6 14. f3 {1-0 (33) Svidler,P (2737)-Matlakov,M (2700) St Petersburg 2018}) 7. Re1 Bg7 8. c3 O-O {White is slightly better.} 9. a5 a6 10. Nbd2 Kh8 11. Nf1 Nh7 12. g3 $146 ({Predecessor:} 12. d4 Ng5 13. Nxg5 hxg5 14. d5 {1-0 (41) Sermek,D (2545)-Gorin,L (2388) Pardubice 1999}) 12... Bh3 13. Ne3 Qd7 14. b4 Ne7 15. Qb3 (15. d4 $11) 15... Be6 16. d4 exd4 17. Nxd4 Bxc4 18. Qxc4 Rae8 19. h4 Nf6 20. Nec2 Nc6 (20... Neg8 $17) 21. Nxc6 $11 Qxc6 22. Qxc6 bxc6 23. f3 Nd7 24. Ra3 f5 25. exf5 gxf5 26. Kg2 Ne5 27. Nd4 Nc4 28. Rxe8 Rxe8 29. Ra2 Re1 (29... Bxd4 $1 $11 30. cxd4 h5) 30. Bf4 (30. Rc2 $18) 30... Bxd4 $1 31. cxd4 {[%mdl 4096] Endgame KRB-KRN} Kg7 (31... h5 $16 {was necessary.}) 32. Rc2 d5 33. Kh3 (33. h5 $16) 33... h5 34. Bxc7 Rb1 35. Re2 Kf7 36. Bd8 Rxb4 37. Re7+ Kf8 {Black wants to play ...Rb8.} 38. Ra7 Rb1 39. Bg5 ({Of course not} 39. Rxa6 $6 Ne3 $11) 39... Nxa5 40. Rxa6 Nb3 {Accuracy: White = 42%, Black = 48%.} 1/2-1/2

[Event "5th Vardaris Open 2019"]
[Site "Thessaloniki"]
[Date "2019.03.10"]
[Round "5.3"]
[White "Sidiropoulos, Nikolaos"]
[Black "Kanakaris, Georgios"]
[Result "1/2-1/2"]
[WhiteElo "2112"]
[BlackElo "2403"]
[Annotator "TA"]
[PlyCount "41"]
[EventDate "2019.02.27"]
[EventType "swiss"]
[EventCountry "GRE"]
[SourceTitle "playchess.com"]
[Source "ChessBase"]
[SourceQuality "1"]

{[%evp 10,41,41,35,54,42,33,46,33,39,37,34,43,0,4,0,0,0,0,0,0,0,0,0,0,0,0,0,0,0,0,0,0,-11]} 1. d4 Nf6 2. c4 g6 3. Nc3 Bg7 4. e4 d6 5. h3 O-O 6. Bg5 Nc6 {E71: King's Indian: 4 e4 d6 5 h3} (6... c6 7. Nf3 d5 8. cxd5 cxd5 9. Bxf6 exf6 10. exd5 b6 11. Be2 Na6 12. O-O Nc7 13. Qb3 Bb7 14. Bc4 Rb8 15. a4 {½-½ (48) Caruana,F (2807)-Nakamura,H (2792) Saint Louis 2017}) 7. Nf3 h6 8. Be3 e5 {White is slightly better.} 9. d5 Nd4 10. Nxd4 exd4 11. Bxd4 Nxe4 $1 {The position is equal.} 12. Nxe4 {[#] Strongly threatening Bxg7.} Qh4 $146 {[%cal Rh4e4]} ({Predecessor:} 12... Re8 13. f3 f5 14. Bxg7 Kxg7 {1-0 (53) Valsecchi,A (2428)-De Santis,A (2282) Padova 2013}) 13. g4 {Black must now prevent Bxg7.} Re8 $1 {[%cal Re8e4]} 14. Bg2 Bf5 $1 15. O-O Bxe4 16. Bxg7 Bxg2 17. Kxg2 Kxg7 18. Qd4+ Qf6 19. Qxf6+ Kxf6 20. Rfe1 a5 21. f4 {Accuracy: White = 83%, Black = 84%.} 1/2-1/2

[Event "5th Vardaris Open 2019"]
[Site "Thessaloniki"]
[Date "2019.03.10"]
[Round "5.4"]
[White "Stanojoski, Zvonko"]
[Black "Nikolaou, Spiridon"]
[Result "1-0"]
[WhiteElo "2453"]
[BlackElo "2235"]
[Annotator "TA"]
[PlyCount "81"]
[EventDate "2019.02.27"]
[EventType "swiss"]
[EventCountry "GRE"]
[SourceTitle "playchess.com"]
[Source "ChessBase"]
[SourceQuality "1"]

{[%evp 12,81,8,6,20,13,35,35,21,20,25,29,22,16,29,2,20,21,34,41,45,32,56,60,74,71,91,67,85,87,87,81,81,79,78,73,97,98,80,61,162,174,163,156,166,162,166,170,169,167,158,171,300,297,270,239,225,225,191,20,61,67,149,126,1138,1106,1070,1056,5636,5636,2002,1867]} 1. e4 c5 2. Nf3 d6 3. d4 cxd4 4. Nxd4 Nf6 5. Nc3 a6 6. h3 e5 7. Nde2 h5 {B90: Sicilian Najdorf: Unusual White 6th moves, 6 Be3 Ng4 and 6 Be3 e5} 8. g3 (8. Nd5 Nxd5 9. Qxd5 Nc6 10. Qd1 Be6 11. Nc3 Rc8 12. Be3 Ne7 13. Be2 d5 14. exd5 Nxd5 15. Nxd5 Qxd5 {½-½ (26) Wang,H (2730)-Giri,A (2783) St Petersburg 2018}) 8... Be7 9. Bg2 Nbd7 {White is slightly better.} 10. a4 b6 11. Nd5 Nxd5 12. Qxd5 Rb8 13. O-O Bb7 14. Qd1 Nf6 15. Nc3 Rc8 $146 16. Qe2 Qc7 17. Rd1 O-O 18. Bg5 g6 19. h4 Ne8 20. Bh6 Ng7 21. Bh3 Ra8 22. Nd5 Bxd5 23. Rxd5 Kh7 24. Be3 Ne6 25. Rd3 b5 ({Better is} 25... Nc5 $14) 26. Bxe6 $18 fxe6 27. axb5 axb5 28. Rda3 Rxa3 29. Rxa3 {aiming for Ra7.} Rb8 30. g4 $1 {[%cal Rg4h5]} b4 31. Ra6 Bxh4 (31... hxg4 {is a better defense.} 32. Qxg4 Bf8 33. Qxe6 Rb7) 32. gxh5 g5 33. Qg4 Qe7 34. Qd1 Rd8 35. Qd3 $2 (35. Ra7 $1 $18 {[%cal Ra7e7]} Rd7 36. Rxd7 Qxd7 37. Bc5 $1 {[%mdl 512]}) 35... Rd7 36. Qb5 $36 {[%mdl 2048] White has good play.} Kh6 (36... Qf7 $14) 37. Ra8 {Strongly threatening Rh8+.} Kxh5 $2 {[%mdl 8192]} (37... Rd8 $16 38. Ra7 Qe8) 38. Rh8+ {White is clearly winning.} Kg6 {[#]} 39. Qe2 $1 Qf7 40. Qh5+ Kf6 41. Rh6+ {Accuracy: White = 69%, Black = 33%.} 1-0

[Event "5th Vardaris Open 2019"]
[Site "Thessaloniki"]
[Date "2019.03.10"]
[Round "5.5"]
[White "Nomin-Erdene, Davaademberel"]
[Black "Vardakas, Grigorios"]
[Result "1-0"]
[WhiteElo "2389"]
[BlackElo "2121"]
[Annotator "TA"]
[PlyCount "61"]
[EventDate "2019.02.27"]
[EventType "swiss"]
[EventCountry "GRE"]
[SourceTitle "playchess.com"]
[Source "ChessBase"]
[SourceQuality "1"]

{[%evp 9,61,0,22,-10,-4,-11,9,3,6,17,12,0,1,-20,-5,0,17,17,40,0,45,35,31,20,22,20,45,32,45,45,54,0,78,72,63,65,135,131,128,150,218,225,264,251,715,724,788,783,29982,29983,29991,29992,29994,29995]} 1. f4 d5 2. Nf3 c5 3. g3 Nc6 4. Bg2 Nf6 5. d3 Bg4 (5... g6 6. O-O Bg7 7. c3 O-O 8. Na3 Re8 9. Nh4 e5 10. f5 Qb6 11. e4 c4+ 12. Kh1 cxd3 13. exd5 Ne7 14. fxg6 hxg6 15. Qxd3 e4 16. Qb5 Nexd5 17. Qxb6 axb6 {½-½ (101) Movsziszian,K (2485)-Forcen Esteban,D (2536) Benasque 2017}) 6. e3 {A03: Bird's Opening with 1...d5} e6 7. h3 Bxf3 (7... Bh5 {feels hotter.} 8. O-O h6 9. b3 Be7 10. Bb2 O-O) 8. Qxf3 {The position is equal.} Be7 9. O-O O-O $146 ({Predecessor:} 9... h5 10. Nd2 Rh6 11. c3 Qc7 12. e4 Rg6 13. a4 {1-0 (33) Ramirez Rodriguez,A-Molina,R (2005) Bogota 2011}) 10. g4 Rc8 11. c3 a6 12. e4 dxe4 13. dxe4 e5 14. f5 (14. Rd1 $5 {[%cal Rd1d8]} Qc7 15. Na3 $11) 14... Nd7 15. Be3 Bg5 16. Rd1 {[#] Bxg5 is the strong threat.} Bxe3+ 17. Qxe3 Qe7 18. Nd2 b5 19. g5 c4 20. Nf1 ({White should try} 20. a4 $14) 20... Rfd8 (20... f6 $11 {keeps the balance.}) 21. Rd5 $16 f6 22. h4 Ndb8 (22... Qf8 $14) 23. Rad1 Qc7 24. Qd2 Rxd5 (24... Kh8 $16 {was worth a try.} 25. Ng3 Rg8) 25. exd5 $18 ({Not} 25. Qxd5+ Kh8 $16) 25... Nd8 26. Ng3 Nb7 $2 {[#]} (26... Qb6+ 27. Kh2 Nd7) 27. d6 Qb6+ 28. Kh2 Nc5 29. gxf6 {White mates.} gxf6 30. Qh6 Qa7 31. Nh5 {Accuracy: White = 64%, Black = 30%.} 1-0

[Event "5th Vardaris Open 2019"]
[Site "Thessaloniki"]
[Date "2019.03.10"]
[Round "5.6"]
[White "Lazov, Toni"]
[Black "Betsakos, Konstantinos"]
[Result "0-1"]
[WhiteElo "2332"]
[BlackElo "2045"]
[Annotator "TA"]
[PlyCount "86"]
[EventDate "2019.02.27"]
[EventType "swiss"]
[EventCountry "GRE"]
[SourceTitle "playchess.com"]
[Source "ChessBase"]
[SourceQuality "1"]

{[%evp 10,86,17,-4,-14,-15,0,0,0,-28,-20,-30,-34,-31,-18,-26,-25,-31,-20,-18,-14,-25,-4,-29,-18,-44,-10,-11,0,0,0,0,30,28,20,31,12,12,18,-59,-52,-111,0,2,0,-18,-19,-387,-36,-46,-39,-37,-27,-41,-43,-33,-37,-74,-79,-119,-124,-134,-153,-461,-452,-410,-318,-567,-559,-687,-143,-1026,-1020,-900,-900,-5152,-38,-4794,-4782]} 1. e4 c5 2. d3 g6 3. g3 Bg7 4. Bg2 Nc6 5. c3 d6 6. Nf3 e5 {B30: Sicilian: 2...Nc6 3 Bb5, lines without ...g6} (6... Nf6 7. O-O O-O 8. Re1 e5 9. a3 h6 10. b4 Be6 11. Bb2 Nd7 12. Nbd2 b5 13. Rb1 Nb6 14. Ba1 a6 15. h4 Rc8 16. h5 Bg4 17. hxg6 fxg6 {½-½ (47) Amin,B (2609)-Smirin,I (2676) Ningbo 2011}) 7. a3 Nf6 8. b4 $146 ({Predecessor:} 8. O-O O-O 9. h3 Ne8 10. b4 a5 11. b5 Ne7 {1-0 (33) Campos Gambuti,L (2270)-Salgado Allaria,C Buenos Aires 1987}) 8... a6 {The position is equal.} 9. Bg5 h6 10. Bxf6 Qxf6 11. Nbd2 Be6 12. Nc4 Qd8 13. Ne3 Rc8 14. O-O O-O 15. Nd2 Ne7 16. Rc1 b5 17. Nb3 f5 18. exf5 gxf5 19. c4 $1 Qb6 20. Nd5 Bxd5 21. cxd5 c4 22. dxc4 bxc4 23. Na5 c3 24. g4 ({But not} 24. Nc6 Nxc6 25. dxc6 e4 $17) (24. Kh1 $11) 24... e4 $1 $15 25. gxf5 ({Better is} 25. Kh1 $15) 25... Rxf5 (25... Nxf5 $17 26. Nc6 e3 27. fxe3 Qxe3+ 28. Kh1 Rce8) 26. Bxe4 $11 Rf4 27. Qe2 Rcf8 {Strongly threatening ...Rxf2!} 28. Rc2 $2 {[%mdl 8192] [#]} (28. Kg2 $11 {and White is okay.}) 28... Qd4 $2 (28... Rxf2 $1 $19 {[%mdl 512]} 29. Rxf2 (29. Qxf2 Bd4) 29... Rxf2 30. Qxf2 Bd4) 29. Bg2 $15 Nf5 $36 {[%mdl 2048] White is under pressure.} 30. Nc6 Qf6 31. Qe6+ $1 Kh8 {Threatens to win with ...Qg5.} 32. Qxf6 Bxf6 33. Bh3 Nh4 {Hoping for ...Nf3+.} 34. Kh1 Nf3 35. Bg2 Nd2 36. a4 $2 (36. Rg1 $17) 36... Nxf1 $19 37. Bxf1 Bh4 38. Bxa6 $2 (38. Rxc3 Rxf2 39. Bxa6) 38... Bxf2 39. Rxc3 {[#]} Rg8 $2 (39... Rg4 $1 $19 {[%csl Gf2][%cal Rg4g1]} 40. h3 Rg1+ 41. Kh2 Rfg8) 40. Rc1 $2 {[%mdl 8192]} (40. h3 $17) 40... Rfg4 {( -> ...Rg1+)} 41. h3 Rg3 {[%cal Rg3h3]} 42. Bf1 Rg1+ 43. Kh2 Be3 {Accuracy: White = 39%, Black = 59%.} 0-1

[Event "5th Vardaris Open 2019"]
[Site "Thessaloniki"]
[Date "2019.03.10"]
[Round "5.7"]
[White "Dorfanis, Ilarion"]
[Black "Yordanov, Lachezar"]
[Result "1/2-1/2"]
[WhiteElo "2142"]
[BlackElo "2308"]
[Annotator "TA"]
[PlyCount "28"]
[EventDate "2019.02.27"]
[EventType "swiss"]
[EventCountry "GRE"]
[SourceTitle "playchess.com"]
[Source "ChessBase"]
[SourceQuality "1"]

{[%evp 14,28,22,19,66,60,70,57,52,59,54,52,54,54,75,58,59]} 1. c4 e5 2. Nc3 Nc6 3. Nf3 Nf6 4. e3 d5 5. cxd5 Nxd5 6. Bb5 Nxc3 7. bxc3 Bd7 8. d4 {LiveBook: 8 Games} exd4 {A28: English Opening: Four Knights Variation} (8... Bd6 9. O-O O-O 10. Bxc6 Bxc6 11. dxe5 Bxf3 12. Qxf3 Bxe5 13. Ba3 c5 14. Bxc5 Bxh2+ 15. Kxh2 Qc7+ 16. Kg1 Qxc5 17. Qxb7 {½-½ (55) Shariyazdanov,A (2572)-Khismatullin,D (2674) Khanty-Mansiysk 2013}) 9. cxd4 Bb4+ 10. Bd2 Bxd2+ 11. Qxd2 O-O 12. O-O Ne5 $146 {[#] ...Nxf3+ is the strong threat.} ({Predecessor:} 12... a6 13. Be2 Bg4 14. Rab1 Rb8 15. Rfc1 Qd6 16. Rc3 Bxf3 17. Bxf3 Nd8 18. a4 b6 19. Rc2 Ne6 20. Rc6 Qd7 {½-½ (20) Amin,A (2277)-Ismail,Y (2078) Cairo 2011}) 13. Be2 Ng6 14. Rab1 Bc6 1/2-1/2

[Event "5th Vardaris Open 2019"]
[Site "Thessaloniki"]
[Date "2019.03.10"]
[Round "5.8"]
[White "Triantafilidis, Mihail"]
[Black "Delorme, Alban"]
[Result "0-1"]
[WhiteElo "2070"]
[BlackElo "2305"]
[Annotator "TA"]
[PlyCount "64"]
[EventDate "2019.02.27"]
[EventType "swiss"]
[EventCountry "GRE"]
[SourceTitle "playchess.com"]
[Source "ChessBase"]
[SourceQuality "1"]

{[%evp 15,64,36,38,-29,11,-48,2,0,0,0,2,-65,-49,-62,-47,-97,-91,-87,-79,-116,-114,-306,-306,-308,-288,-372,-375,-362,-370,-411,-407,-408,-397,-375,-333,-386,-385,-379,-378,-376,-371,-384,-381,-490,-480,-586,-568,-1095,-1032,-1037,-1006]} 1. e4 c5 2. Nf3 Nc6 3. d4 cxd4 4. Nxd4 Nf6 5. Nc3 d6 6. Bg5 e6 7. f4 Qb6 8. Nb3 Be7 {LiveBook: 4 Games. B60: Sicilian: Richter-Rauzer: Unusual Black 6th moves and 6...Bd7 without 7 Qd2} (8... Qe3+ 9. Qe2 Qxe2+ 10. Bxe2 a6 11. O-O-O Be7 12. Bf3 h6 13. Bh4 g5 14. fxg5 Nd7 15. Bg3 hxg5 16. Bxd6 Bxd6 17. Rxd6 Ke7 18. Rdd1 Nce5 {½-½ (52) Bogdanovich,S (2588)-Zubarev,A (2552) Mukachevo 2016}) 9. Qd3 $146 (9. Qf3 $14) ({Predecessor:} 9. Qd2 O-O 10. O-O-O Rd8 11. Bd3 a5 12. a4 Nb4 13. Bb5 Bd7 14. Bxf6 Bxf6 15. Qxd6 Bc6 16. Qc5 Qxc5 17. Nxc5 Bd4 18. Nb3 {0-1 (47) Strohhaeker,R (2444)-Mandel,A (2403) Germany 2010}) 9... O-O 10. Be2 (10. Qf3 $11) 10... h6 {Black is slightly better.} (10... a5 {with more complications.} 11. a3 a4 12. Nd2 Qxb2 13. O-O Qb6+) 11. Bxf6 Bxf6 12. O-O-O a5 13. a4 (13. Na4 $11 Qb4 14. Nc3) 13... Rd8 $15 14. Kb1 Qb4 $36 {[%mdl 2048] Black has some pressure.} 15. Qc4 Bxc3 $1 16. bxc3 Qa3 17. Nd4 {[#]} Nxd4 $1 18. Rxd4 $2 {[#]} (18. Qxd4 $17 {is a better defense.} e5 19. fxe5) 18... e5 $1 $19 {[%cal Re5d4]} 19. Rd5 Be6 (19... exf4 20. Qb3 $15) 20. f5 Bxd5 21. Qxd5 Rac8 22. Bc4 Rd7 23. Bb3 Rxc3 24. Qb5 Rc6 25. Qxa5 Qc5 26. Qxc5 dxc5 {[%cal Bd6c5,Bc5c4][%mdl 4128] Endgame KRR-KRB} ({Weaker is} 26... Rxc5 27. Kb2 $19) 27. Bd5 Rb6+ 28. Ka2 Rb4 29. Ka3 {If only White now had time for c3....} b5 {Black is clearly winning.} 30. c3 Rxa4+ 31. Kb3 c4+ 32. Kc2 Ra2+ {Precision: White = 20%, Black = 82%.} 0-1

[Event "5th Vardaris Open 2019"]
[Site "Thessaloniki"]
[Date "2019.03.10"]
[Round "5.9"]
[White "Salahidou, Reveka"]
[Black "Tsaknakis, Zisis"]
[Result "0-1"]
[WhiteElo "1941"]
[BlackElo "2243"]
[Annotator "NA RC"]
[PlyCount "62"]
[EventDate "2019.02.27"]
[EventType "swiss"]
[EventCountry "GRE"]
[SourceTitle "playchess.com"]
[Source "ChessBase"]
[SourceQuality "1"]
[TimeControl "6000+30"]

1. e4 {[%emt 0:00:00]} g6 {[%emt 0:00:00]} 2. d4 {[%emt 0:00:02]} Bg7 {[%emt 0:00:01]} 3. Nc3 {[%emt 0:01:32]} c6 {[%emt 0:00:01]} 4. g3 {[%emt 0:04:12]} d6 {[%emt 0:03:22]} 5. Bg2 {[%emt 0:00:22]} Nd7 {[%emt 0:00:14]} 6. Nge2 {[%emt 0:10:08]} e5 {[%emt 0:08:37]} 7. d5 {[%emt 0:03:25]} Nb6 {[%emt 0:01:16]} 8. O-O {[%emt 0:02:22]} Ne7 {[%emt 0:10:02]} 9. f4 {[%emt 0:08:56]} cxd5 {[%emt 0:05:04]} 10. exd5 {[%emt 0:04:58]} O-O {[%emt 0:01:22]} 11. Kh1 {[%emt 0:05:24]} exf4 {[%emt 0:02:37]} 12. Bxf4 {[%emt 0:01:40]} Nc4 {[%emt 0:00:03]} 13. Qc1 {[%emt 0:03:57]} Bg4 {[%emt 0:12:16]} 14. Rb1 {[%emt 0:03:04]} Qa5 {[%emt 0:05:37]} 15. b4 {[%emt 0:12:51]} Qb6 {[%emt 0:04:09]} 16. h3 {[%emt 0:08:33]} Bxe2 {[%emt 0:00:22]} 17. Nxe2 {[%emt 0:00:06]} Nf5 {[%emt 0:00:13]} 18. Rb3 {[%emt 0:03:38]} Rfe8 {[%emt 0:07:48]} 19. Bf3 {[%emt 0:03:14]} Nce3 {[%emt 0:16:56]} 20. Re1 {[%emt 0:02:03]} Rac8 {[%emt 0:01:27]} 21. c3 {[%emt 0:04:13]} Nc4 {[%emt 0:05:08]} 22. Kg2 {[%emt 0:02:52]} Nfe3+ {[%emt 0:00:48]} 23. Kh1 {[%emt 0:00:58]} Nf5 {[%emt 0:05:39]} 24. Kg2 {[%emt 0:02:29]} Qa6 {[%emt 0:00:01]} 25. a3 {[%emt 0:03:14]} Nce3+ {[%emt 0:03:55]} 26. Kh1 {[%emt 0:05:17]} Qc4 {[%emt 0:00:12]} 27. Rb2 {[%emt 0:03:47]} Nxd5 {[%emt 0:00:23]} 28. Bd2 {[%emt 0:00:37]} Rxe2 {[%emt 0:02:46]} 29. Bxe2 {[%emt 0:01:53]} Nxg3+ {[%emt 0:00:08]} 30. Kh2 {[%emt 0:00:15]} Nxe2 {[%emt 0:00:09]} 31. Qb1 {[%emt 0:01:42]} Ndxc3 {[%emt 0:01:43]} 0-1

[Event "5th Vardaris Open 2019"]
[Site "Thessaloniki"]
[Date "2019.03.10"]
[Round "6.1"]
[White "Halkias, Stelios"]
[Black "Vallejo Pons, Francisco"]
[Result "1/2-1/2"]
[WhiteElo "2552"]
[BlackElo "2698"]
[Annotator "TA"]
[PlyCount "31"]
[EventDate "2019.02.27"]
[EventType "swiss"]
[EventCountry "GRE"]
[SourceTitle "playchess.com"]
[Source "ChessBase"]
[SourceQuality "1"]

{[%evp 14,24,0,6,9,13,0,7,14,0,17,21,0]} 1. Nf3 d5 2. d4 Nf6 3. c4 e6 4. g3 Bb4+ 5. Nc3 O-O 6. Bg2 dxc4 7. a3 Be7 8. Ne5 {The position is equal.} Nc6 {A17: English Opening: 1...Nf6 with ...Bb4} 9. Bxc6 bxc6 10. Nxc6 Qe8 11. Nxe7+ Qxe7 12. Qa4 c5 {Predecessor:} 13. dxc5 $146 Qxc5 14. Be3 Qc7 15. Rd1 Nd5 16. Bd4 {1-0 (88) Carlsen,M (2842)-Karjakin,S (2773) Saint Louis 2018} 1/2-1/2

[Event "5th Vardaris Open 2019"]
[Site "Thessaloniki"]
[Date "2019.03.10"]
[Round "6.2"]
[White "Tsaknakis, Zisis"]
[Black "Stanojoski, Zvonko"]
[Result "1/2-1/2"]
[WhiteElo "2243"]
[BlackElo "2453"]
[Annotator "TA"]
[PlyCount "67"]
[EventDate "2019.02.27"]
[EventType "swiss"]
[EventCountry "GRE"]
[SourceTitle "playchess.com"]
[Source "ChessBase"]
[SourceQuality "1"]

{[%evp 12,67,11,-25,7,0,0,-22,-7,-22,-11,-17,-19,-24,-16,-41,-3,-4,-2,-6,-14,-11,-17,-35,-34,-35,-27,-18,0,0,0,0,0,0,0,0,0,0,0,0,0,0,10,7,16,8,23,12,22,13,25,38,54,0,24,0,50,0]} 1. Nf3 Nf6 2. g3 c5 3. Bg2 Nc6 4. O-O g6 5. Nc3 Bg7 6. d3 O-O 7. a3 Rb8 {A05: Réti Opening: 1 Nf3 Nf6} 8. e4 (8. Rb1 b6 9. b4 d6 10. Bg5 Bb7 11. Qd2 Rc8 12. bxc5 dxc5 13. Bxf6 exf6 14. Ne4 Qe7 15. c4 {1-0 (55) Zhao,J (2604)-Kokarev,D (2615) Riadh 2017}) 8... d6 9. h3 b5 {The position is equal.} 10. Ne2 $146 ({Predecessor:} 10. Re1 Nd7 11. Nd5 a5 12. c3 b4 13. axb4 axb4 14. d4 bxc3 15. bxc3 cxd4 16. cxd4 {1-0 (29) Lie,E (2462)-Fossan,E (2347) Stavanger 2017}) 10... Bb7 11. Be3 a5 12. Nd2 Nd7 13. c3 b4 14. axb4 axb4 15. d4 Ra8 16. Rxa8 Qxa8 17. f4 bxc3 18. bxc3 cxd4 19. cxd4 Rc8 20. Qb3 Qa6 21. Bf3 Na5 22. Qa3 Nc4 23. Nxc4 Rxc4 24. Qxa6 Bxa6 25. Ra1 Bb7 26. Rb1 Rc7 27. Kf2 h5 28. e5 $36 {[%mdl 2048] White is more active.} Bc8 29. g4 hxg4 30. hxg4 Rc2 31. Be4 Rc7 32. Bf3 Rc2 33. Be4 Rc7 $1 34. Bf3 {Accuracy: White = 52%, Black = 51%.} 1/2-1/2